Giáo trình nguyên lý kinh tế học vĩ mô
Giáo trình biên soạn dành cho sinh viên và các bạn đọc lần đầu tiên tiếp cận với Kinh tế học nói chúng và Kinh tế học vĩ mô nói riêng. Mục tiêu chủ yếu của sách giới thiệu các khái niệm và nguyên lý cơ bản về hoạt động của nền kinh tế t...
Bewaard in:
| Hoofdauteur: | |
|---|---|
| Formaat: | Boek |
| Taal: | Undetermined |
| Gepubliceerd in: |
Hà Nội
Giáo dục
2012
|
| Onderwerpen: | |
| Tags: |
Voeg label toe
Geen labels, Wees de eerste die dit record labelt!
|
| Thư viện lưu trữ: | Trung tâm Học liệu Trường Đại học Cần Thơ |
|---|
| LEADER | 01007nam a2200205Ia 4500 | ||
|---|---|---|---|
| 001 | CTU_207424 | ||
| 008 | 210402s9999 xx 000 0 und d | ||
| 020 | |c 45000 | ||
| 082 | |a 339 | ||
| 082 | |b C455 | ||
| 100 | |a Nguyễn, Văn Công | ||
| 245 | 0 | |a Giáo trình nguyên lý kinh tế học vĩ mô | |
| 245 | 0 | |c Nguyên Văn Công (chủ biên) | |
| 260 | |a Hà Nội | ||
| 260 | |b Giáo dục | ||
| 260 | |c 2012 | ||
| 520 | |a Giáo trình biên soạn dành cho sinh viên và các bạn đọc lần đầu tiên tiếp cận với Kinh tế học nói chúng và Kinh tế học vĩ mô nói riêng. Mục tiêu chủ yếu của sách giới thiệu các khái niệm và nguyên lý cơ bản về hoạt động của nền kinh tế tổng thể trong ngắn hạn và dài hạn. | ||
| 650 | |a Macroeconomics,Kinh tế vĩ mô | ||
| 904 | |i QHieu | ||
| 980 | |a Trung tâm Học liệu Trường Đại học Cần Thơ | ||